| 000 | 00658nam a2200229Ia 4500 | ||
|---|---|---|---|
| 999 |
_c45343 _d45343 |
||
| 001 | 12167 | ||
| 003 | GE_BSU | ||
| 005 | 20221118150750.0 | ||
| 008 | 181216s2013en xx |||||||||||||| ||eng|| | ||
| 020 | _a9780321794383x | ||
| 040 | _cGE_BSU | ||
| 041 | _aeng | ||
| 080 | _a579 J-76 | ||
| 100 |
_aJohnson, T. _915931 |
||
| 245 |
_aLaboratory Experiments in Microbiology / _c T. Johnson, Christine L. Case. |
||
| 264 |
_aBoston : _bPearson, _c2013. |
||
| 300 |
_a478 p.: _bIll. _c23 cm. |
||
| 653 | _aLaboratory Experiments in Microbiology | ||
| 653 | _aმიკრობიოლოგია | ||
| 700 |
_aCase, L. Christine _915932 |
||
| 942 |
_cBK _2udc |
||